| 000 | 00694nam a2200241 i 4500 | ||
|---|---|---|---|
| 001 | C2-0099303 | ||
| 003 | PPAK | ||
| 005 | 20180727094703.0 | ||
| 008 | 970527s1986 ilua|||| ||||| | eng d | ||
| 020 | _a0870947060 | ||
| 040 |
_aPPAK _beng _cPPAK _erda |
||
| 082 | 0 | 4 |
_a384 _223 |
| 090 | 0 | 0 |
_a384 _bTEL _dG |
| 245 | 0 | 0 | _aTeleports and the intelligent city |
| 250 | _aLipman, Andrew D. ; Sugarman, Alan D. ; Cushman, Robert F. | ||
| 264 | 1 |
_aIllinois : _bDon Jones Irwin , _c1986 |
|
| 300 |
_axxvii, 411 pages : _billustrations ; _c24 cm |
||
| 336 |
_2rdacontent _atext |
||
| 337 |
_2rdamedia _aunmediated |
||
| 338 |
_2rdacarrier _avolume |
||
| 650 | 1 | 0 | _aTelecomunication |
| 942 |
_ddc _cB |
||
| 999 |
_c22090 _d22090 |
||